O ano da independência / (Record no. 1231)

MARC details
000 -LÍDER
Campo Fixo de Controle 00888nam a2200265 a 4500
001 - NÚMERO DE CONTROLE
Campo de Controle 1231
003 - IDENTIFICAÇÃO DO NÚMERO DE CONTROLE
Campo de Controle BR-CuiBMT
005 - DATA E HORA DA ÚLTIMA ATUALIZAÇÃO
Campo de Controle 20231203173033.0
008 - DADOS FIXOS
Dados Fixos 231201s2010 dfba 001 0 por d
020 ## - INTERNATIONAL STANDARD BOOK NUMBER
Nº do ISBN 9788570182753
040 ## - AGÊNCIA CATALOGADORA
Código da Agência Catalogadora BR-CuiBMT
Agência que transcreveu o registro BR-CuiBMT
080 ## - Nº DA CLASSIFICAÇÃO DECIMAL UNIVERSAL
Nº Class. CDU 94
Subd. Auxiliar Comum (81).043
Nº edição CDU 2007
090 ## - NÚMERO DE CHAMADA
Nº classificação 94(81).043
Cutter A615
245 02 - TÍTULO PRINCIPAL
Título principal O ano da independência /
Indicação de responsabilidade [autores Augusto Olímpio Viveiros de Castro ... et al.].
260 ## - PUBLICAÇÃO, DISTRIBUIÇÃO, ETC.
Local de publicação Brasília :
Editora Senado Federal,
Data 2010.
300 ## - DESCRIÇÃO FÍSICA
N. páginas ou volumes 473 p.
Ilustrações il. ;
Dimensões 23 cm
490 1# - INDICAÇÃO DE SÉRIE
Título da série Coleção edições do Senado Federal ;
Volume/designação sequencial da série v. 138
500 ## - NOTAS GERAIS
Notas gerais Vários autores.
504 ## - NOTA DE BIBLIOGRAFIA, ETC.
Nota de bibliografia Inclui bibliografia e índice.
650 ## - ASSUNTO TÓPICO
Cabeçalho tópico ou nome geográfico Independência do Brasil
Subdivisão cronológica (1822)
650 ## - ASSUNTO TÓPICO
Cabeçalho tópico ou nome geográfico Brasil
Subdivisão geral História
-- Independência, 1822
700 1# - ENTRADA SECUNDÁRIA -- NOME PESSOAL
Nome pessoal Castro, Augusto Olímpio Viveiros de
Cód. do termo explicativo et al.
830 #0 - ENTRADA SECUNDÁRIA DE SÉRIE -- TÍTULO UNIFORME
Título uniforme Edições do Senado Federal ;
Nº do volume/designação sequencial da série 138
942 ## - ELEMENTOS DE ENTRADA ADICIONAIS (KOHA)
Fonte de classificação ou esquema de arquivamento Classificação Decimal Universal
Tipo de item do Koha Livros
Holdings
Estado: removido Estado: perdido Fonte de classificação ou esquema de arquivamento Estado: danificado Indisponível para empréstimo Localização permanente Localização atual Data de aquisição Total Checkouts Número de Chamada completo Código de barras Date last seen Número do exemplar Preço efetivo a partir de Tipo de item (Koha)
    Classificação Decimal Universal     Biblioteca da Escola Superior de Contas do TCE/MT Biblioteca da Escola Superior de Contas do TCE/MT 01/12/2023   94(81).043 A615 BIBTCEMT23120033 01/12/2023 Ex. 1 01/12/2023 Livros

Powered by Koha